Alle PDC Darts Turniersieger 2001 - Statistiken

Allgemein
  • Dieses Quiz wurde 29 mal gespielt
  • Das Durchschnittsergebnis liegt bei 14 aus 33
Antwortstatistiken
Turnier Land Dartsspieler % Korrekt
Blueberry Hill Kanada John Part
100%
World Darts Championship England Phil Taylor
100%
Le Skratch Montreal Open England Phil Taylor
100%
Golden Harvest American Cup England Phil Taylor
100%
World Matchplay England Phil Taylor
100%
Ireland Open Spring Classic England Peter Manley
87%
PDC Northern Ireland Open England Peter Manley
87%
World Grand Prix England Alan-Warriner-Little
67%
Sunparks Masters England Dennis Smith
60%
Ireland Open Autumn Classic Niederlande Roland Scholten
60%
Swiss Open England Andy Jenkins
53%
Welsh Open Schottland Gary Anderson
53%
Vauxhall Autumn Open England Ronnie Baxter
47%
Witch City Open Wales Richie Burnett
40%
Denmark Open England Wayne Mardle
40%
Vauxhall Spring Open England Steve Beaton
33%
England Open England Chris Mason
27%
Irish Masters England Denis Ovens
27%
Chaim Solutions Classic England Denis Ovens
27%
Jersey Festival Of Darts England Denis Ovens
27%
Antwerb Open England Martin Adams
27%
Australian Grand Masters Australien Russel Stewart
13%
Las Vegas Open USA Steve Brown
13%
Isle Of Man Open Wales Alan Reynolds
7%
New Zealand Open Neuseeland Alan Thomson
7%
Cleveland Darts Extraveganza Kanada Dan Olson
7%
Scottish Open England John Walton
7%
Eastbourne Pro England Keith Deller
7%
PDC Eastbourne Open England Keith Deller
7%
Witch City Pro England Lee Parfeyman
7%
Windy City Open England Les Hodkinson
7%
Singapore Open Malaysia Ravi Sandiran
7%
Malaysian Open Thailand T Damrongsak
7%
Keine übereinstimmenden Quizze gefunden
Verteilung der Resultate
Anzahl Personen mit jedem Resultat
Perzentil nach korrekt beantworteten Fragen
Ihre Resultats-Entwicklung
Sie haben dieses Quiz noch nicht gespielt